000 00497nam a2200181Ia 4500
001 1705
005 20260306143748.0
008 260306t2007||||xx |||||||||||||| ||spa||
041 _aESP
082 _a155.2
_bA82
100 _aAspinwall , Lisa G.
_eAUT
245 0 _aPsicología del Potencial Humano:
_bCuestiones Fundamentales y Normas para una Psicología positiva
260 _c2007
300 _a492 páginas :
_c23 x 16 cm.
650 _aGEN
654 _aCPS
942 _cLIB
_dJUS
_fJUS
_2ddc
_n
999 _c1705
_d1705